| 000 | 00538nam a2200181Ia 4500 | ||
|---|---|---|---|
| 008 | 240925s9999 xx 000 0 und d | ||
| 020 | _a9789351342786 | ||
| 082 | _a005.8 BER | ||
| 100 | _aBergman, Neil | ||
| 245 | 0 | _aHacking: mobile security secrets and solutions | |
| 250 | _aNA | ||
| 260 |
_aNew Delhi: _bMcGraw Hill Education (India) Private Limited _c,2013. |
||
| 300 |
_a662p. _b0 _fOriginal |
||
| 500 | _aIncludes Index | ||
| 600 | _aComputer Science | ||
| 650 | _aComputer science, information & general works | ||
| 942 | _cBK | ||
| 999 |
_c12686 _d12686 |
||